Baghsal, baghjal aru manuh (Record no. 9494)
[ view plain ]
| 000 -LEADER | |
|---|---|
| fixed length control field | 00470cam a2200205ua 4500 |
| 001 - CONTROL NUMBER | |
| control field | 10521 |
| 005 - DATE AND TIME OF LATEST TRANSACTION | |
| control field | 20260515114631.0 |
| 008 - FIXED-LENGTH DATA ELEMENTS--GENERAL INFORMATION | |
| fixed length control field | 190313n ii |||gr||||Z||||||asm |
| 020 ## - INTERNATIONAL STANDARD BOOK NUMBER | |
| International Standard Book Number | 8173393230 |
| 040 ## - CATALOGING SOURCE | |
| Transcribing agency | MAIN |
| 041 ## - LANGUAGE CODE | |
| Language code of text/sound track or separate title | asm |
| 082 ## - DEWEY DECIMAL CLASSIFICATION NUMBER | |
| Classification number | 891.4513 |
| 100 ## - MAIN ENTRY--PERSONAL NAME | |
| Personal name | Purabi Barmudai, |
| Relator term | Author. |
| 245 ## - TITLE STATEMENT | |
| Title | Baghsal, baghjal aru manuh |
| 250 ## - EDITION STATEMENT | |
| Edition statement | 2nd ed. |
| 260 ## - PUBLICATION, DISTRIBUTION, ETC. | |
| Place of publication, distribution, etc. | Dibrugarh: |
| Name of publisher, distributor, etc. | Banalata, |
| Date of publication, distribution, etc. | 2011. |
| 300 ## - PHYSICAL DESCRIPTION | |
| Extent | 281p. |
| 653 ## - INDEX TERM--UNCONTROLLED | |
| Uncontrolled term | Assamese novel |
| 942 ## - ADDED ENTRY ELEMENTS (KOHA) | |
| Koha item type | Books |
| Withdrawn status | Lost status | Damaged status | Not for loan | Home library | Current library | Shelving location | Date acquired | Total checkouts | Full call number | Barcode | Date last seen | Date last checked out | Copy number | Price effective from | Koha item type |
|---|---|---|---|---|---|---|---|---|---|---|---|---|---|---|---|
| Naharkatiya College Library | Naharkatiya College Library | General stacks | 09/19/2020 | 6 | 891.4513Assamese novel | BAR | 24344 | 01/24/2024 | 01/12/2024 | 1 | 09/19/2020 | Books | ||||
| Naharkatiya College Library | Naharkatiya College Library | General stacks | 09/19/2020 | 5 | 891.4513Assamese novel | BAR | 24345 | 06/13/2024 | 06/07/2024 | 2 | 09/19/2020 | Books |